banner-ar

الجدار العازل الاسرائيلى : (Record no. 66425)

MARC details
000 -الفاتح
حقل البيانات ثابتة الطول 01214nam a22003017a 4500
005 - وقت وتاريخ اخر تعامل مع التسجيلة
رقم الضبط 20240530110918.0
008 - عناصر البيانات ثابتة الطول - معلومات عامة
حقل البيانات ثابتة الطول 220221s2007 ua a g b 000 0 ara d
020 ## - الرقم الدولى المعيارى للكتب
الرقم الدولى المعيارى للكتاب 9789953821399
040 ## - مصدر الفهرسة
وكالة الفهرسة الأصلية EG-CaGPL
وكالة النسخ EG-CaGPL
082 04 - رقم تصنيف ديوى العشرى
رقم الطبعة 21
رقم التصنيف 341.5 /
رقم المادة ا ج
100 0# - المدخل الرئيسى - إسم شخصى
الإسم الشخصى انيس فوزى قاسم
245 12 - بيان العنوان
العنوان الجدار العازل الاسرائيلى :
بقية العنوان فتوى محكمة العدل الدولية دراسات ونصوص /
بيان المسئوليه,etc انيس فوزى قاسم ؛ محرر انيس مصطفى القاسم
250 ## - بيان الطبعة
بيان الطبعة ط.1
260 ## - PUBLICATION, DISTRIBUTION, ETC. (IMPRINT)
تاريخ النشر أو التوزيع 2007
300 ## - الوصف المادى
التعداد 400 ص؛
أبعاد الوعاء 24 سم
650 07 - المدخل الاضافى بالموضوع-مصطلح موضوعى
مصطلح موضوعي محكمة العدل الدولية
مصدر الرأس أو المصطلح qrmak
650 07 - المدخل الاضافى بالموضوع-مصطلح موضوعى
مصطلح موضوعي الجدار العازل
مصدر الرأس أو المصطلح qrmak
650 07 - المدخل الاضافى بالموضوع-مصطلح موضوعى
مصطلح موضوعي اليهود
مصدر الرأس أو المصطلح qrmak
651 07 - المدخل الاضافى بالموضوع - اسم جغرافى
مصدر الرأس أو المصطلح qrmak
الاسم الجغرافي فلسطين
700 ## - المدخل الاضافى - اسم شخصى
الإسم الشخصى جوش رويبنر
الدور مؤلف
700 ## - المدخل الاضافى - اسم شخصى
الإسم الشخصى بيتر بيكر
الدور مؤلف
700 ## - المدخل الاضافى - اسم شخصى
الإسم الشخصى عصام نعمة اسماعيل
الدور مؤلف
700 ## - المدخل الاضافى - اسم شخصى
الإسم الشخصى بيتر لاغر كويست
الدور مؤلف
700 ## - المدخل الاضافى - اسم شخصى
الإسم الشخصى على مقلد
الدور مؤلف
700 ## - المدخل الاضافى - اسم شخصى
الإسم الشخصى انيس مصطفى القاسم
الدور محرر
942 ## - عناصر المدخل الإضافي( كوها)
مصدر التصنيف او مخطط الترفيف Dewey Decimal Classification
Koha [default] item type كتاب
260 ## - PUBLICATION, DISTRIBUTION, ETC. (IMPRINT)
-- بيروت :
-- مركز دراسات الوحدة العربية،
Holdings
حالة التراجع حالة الفقد حالة تلف ليس للاعارة المكان المؤقت الموقع الحالى موقع الترفيف تاريخ الاكتساب اجمالي اﻻعارات رقم الطلب الباركود تاريخ اخر مشاهدة تاريخ تفعيل السعر نوع وعاء كوها
        مكتبة القاهرة الكبرى مكتبة القاهرة الكبرى ق الرئيسية_العلوم الاجتماعية_ك عربى 05/15/2022   341.5 / ا ج 167892 05/15/2022 05/15/2022 كتاب

Powered By

EGPV